Ч. 1; Изложение Астрономии

מידע ביבליוגרפי
Parent link:Изложение Астрономии: пер. с англ./ У. Ф. В. Гершель; пер. П. И. Крузенштерна. Ч. 1.— , 1838
שפה:רוסית
יצא לאור: 1838
נושאים:
פורמט: ספר
KOHA link:https://koha.lib.tpu.ru/cgi-bin/koha/opac-detail.pl?biblionumber=336923

MARC

LEADER 00000nam2a2200000 4500
001 336923
005 20231102004912.0
035 |a (RuTPU)RU\TPU\book\363384 
090 |a 336923 
100 |a 20171026d1838 k y0rusy50 ca 
101 1 |a rus 
102 |a RU 
105 |a f z 000zy 
200 0 |a Ч. 1 
210 |d 1838 
215 |a IX, XI, 274 с.  |e 4 вкл. л. черт. 
461 1 |0 (RuTPU)RU\TPU\book\363378  |t Изложение Астрономии  |o пер. с англ.  |f У. Ф. В. Гершель  |g пер. П. И. Крузенштерна  |v Ч. 1  |d 1838 
606 |a Астрономия  |2 stltpush  |3 (RuTPU)RU\TPU\subj\29567  |9 52865 
610 1 |a атмосфера 
610 1 |a рефракция 
610 1 |a звёзды 
610 1 |a хронометры 
610 1 |a Горизонт 
610 1 |a Млечный Путь 
610 1 |a зодиак 
610 1 |a солнце 
610 1 |a лунные затмения 
801 1 |a RU  |b 63413507  |c 20171026 
942 |c BK